LEADER 01219nam a2200289 u 4500 001 000000022893 003 CaOOAMICUS 005 20070226111157.0 008 950412s1946 it u000 u ita u 035 $a10576207 040 $aPUL(R)$bita 041 1 $aita$hdut 100 1 $aHuizinga, Johan,$d1872-1945.$0(OLS)http://pul/name/5518 245 10$aCiviltą e storia :$bstudi sulla teoria e il metodo della storia, studi sulle idee storiche /$cJ. Huizinga ; a cura di G. Chiaruttini. 260 $aModena :$bGuanda,$c1946. 300 $a279 S. ;$c20 cm 490 1 $aEpoche e viaggi ;$v2 650 4$aStoriografia.$0(OLS)http://pul/subject/2514 650 4$aMetodologia storica.$0(OLS)http://pul/subject/14248 700 1 $aChiaruttini, G.$0(OLS)http://pul/name/19386 830 0$aEpoche e viaggi ;$v2.$0(OLS)http://pul/title/31876 850 $aPUL 852 $aPUL$W1$xDP2 Filosofia 1$y62$m107 E 31$j32093$nBK-PRI$b $qStampati$B32093$CPULBib$Z2$F32093 $81 941 1 $a8 961 $aINV: 34789 996 $6245$aCiviltą e storia :$bstudi sulla teoria e il metodo della storia, studi sulle idee storiche$9(OLS)http://pul/title/31875 996 $6260$aModena :$bGuanda$9(OLS)http://pul/publisher/53933 LEADER 01412nam a2200313 a 4500 001 000000143564 003 CaOOAMICUS 005 20220621171329.0 008 150526s1982 it u000 u ita r 032 $aLibriCat 040 $aPUL$bita 041 1 $aita$hfre 130 0 $aAnalyse structurale du recit.$lItaliano.$0(OLS)http://pul/title/181653 245 12$aL'analisi del racconto :$ble strutture della narrativitą nella prospettiva semiologica che riprende le classiche ricerche di Propp /$cBarthes ... [et al.]. 250 $a2. ed. 260 $aMilano :$bBompiani,$c1982. 300 $a290 p. ;$c22 cm 490 1 $aStudi Bompiani.$aIl campo semiotico 504 $aBibliografia in nota. 650 4$aSemiotica.$0(OLS)http://pul/subject/9849 700 1 $aBarthes, Roland,$d1915-1980.$0(OLS)http://pul/name/30718 830 0$aStudi Bompiani.$pIl campo semiotico.$0(OLS)http://pul/title/97091 850 $aPUL 852 $aPUL$W1$xDP1 Fondo S. Lanza$y121$m2 A 58$j155980$qFondi$B165983$CPULBib$Z2$F165983 $HLan1174 $82 941 1 $a1 961 $aNota ms. di possesso: Sergio Lanza. 996 $6245$aL'analisi del racconto :$ble strutture della narrativitą nella prospettiva semiologica che riprende le classiche ricerche di Propp$9(OLS)http://pul/title/181652 996 $6260$aMilano :$bBompiani$9(OLS)http://pul/publisher/48240